Statistics for Spanish Place Names in English

Click here to take the quiz!

General Stats

  • This quiz has been taken 27,646 times
    (13,681 since last reset)
  • The average score is 13 of 20

Answer Stats

EnglishSpanish% Correct
The AngelsLos Angeles
99%
EquatorEcuador
92%
Good AirsBuenos Aires
87%
Large RiverRío Grande
86%
Saint JosephSan José
85%
Saint AnthonySan Antonio
84%
Rich CoastCosta Rica
80%
The SaviorEl Salvador
73%
Rich PortPuerto Rico
72%
The PalmsLas Palmas
68%
The PeaceLa Paz
67%
AssumptionAsunción
67%
The PassEl Paso
57%
The CrossesLas Cruces
45%
FloweryFlorida
42%
Holy CrossSanta Cruz
41%
Snow-Covered
Mountain Range
Sierra Nevada
39%
River of the SilverRío de la Plata
38%
Holy FaithSanta Fe
35%
Sands PointPunta Arenas
15%

Score Distribution

Percentile by Number Answered

Percent of People with Each Score

Your Score History

You have not taken this quiz since the last reset